banner-ar

تكنولوجيا المستقبل : (Record no. 60428)

MARC details
000 -الفاتح
حقل البيانات ثابتة الطول 01430nam a22003137a 4500
005 - وقت وتاريخ اخر تعامل مع التسجيلة
رقم الضبط 20240530110409.0
008 - عناصر البيانات ثابتة الطول - معلومات عامة
حقل البيانات ثابتة الطول 150210s2011 ua o a 001 0 ara d
017 ## - رقم الايداع القانونى
رقم الايداع القانونى 2010/10918
المصدر ( الهيئة المختصة) مصر . دار الكتب المصرية
020 ## - الرقم الدولى المعيارى للكتب
الرقم الدولى المعيارى للكتاب 9771442841
040 ## - مصدر الفهرسة
وكالة الفهرسة الأصلية EG-CaGPL
041 1# - رمز اللغة
رمز لغة النص/ المسارات الصوتية أو العنوان الانفرادي ara
رمز لغة الترجمات و/او الاصلية المتوسطة للنص eng
082 04 - رقم تصنيف ديوى العشرى
رقم الطبعة 21
رقم التصنيف 603
رقم المادة ط/ن ن
100 1# - المدخل الرئيسى - إسم شخصى
الإسم الشخصى بيدوك ، تشارلز
245 10 - بيان العنوان
العنوان تكنولوجيا المستقبل :
بقية العنوان من الروبوتات الشخصية الى الدراجات احادية العجلة ذات المحرك /
بيان المسئوليه,etc تاليف تشارلز بيدوك ؛ استشارى جيمس لى ؛ ترجمة ادارة النشر بدار نهضة مصر للنشر ؛ اشراف عام داليا محمد ابراهيم
250 ## - بيان الطبعة
بيان الطبعة ط1
260 ## - PUBLICATION, DISTRIBUTION, ETC. (IMPRINT)
تاريخ النشر أو التوزيع 2011
300 ## - الوصف المادى
التعداد 63 ص :
تفاصيل ماديه اخرى للوعاء صور ؛
أبعاد الوعاء 24 سم
490 ## - بيان السلسلة
عنوان السلسلة ناشيونال جيوجرافيك يبحث فى
650 04 - المدخل الاضافى بالموضوع-مصطلح موضوعى
مصطلح موضوعي التكنولوجيا
650 04 - المدخل الاضافى بالموضوع-مصطلح موضوعى
مصطلح موضوعي الاختراعات
650 04 - المدخل الاضافى بالموضوع-مصطلح موضوعى
مصطلح موضوعي الانسان الالى
650 04 - المدخل الاضافى بالموضوع-مصطلح موضوعى
مصطلح موضوعي نظرية الالات
650 04 - المدخل الاضافى بالموضوع-مصطلح موضوعى
مصطلح موضوعي الحركة الميكانيكية
700 1# - المدخل الاضافى - اسم شخصى
الإسم الشخصى لى ، جيمس
الدور استشارى
700 0# - المدخل الاضافى - اسم شخصى
الإسم الشخصى عام داليا محمد ابراهيم
الدور اشراف
710 2# - المدخل الاضافى - اسم هيئه
اسم الهيئة أو اسم السلطة كمدخل دار نهضة مصر للنشر
الدور مترجم
942 ## - عناصر المدخل الإضافي( كوها)
مصدر التصنيف او مخطط الترفيف Dewey Decimal Classification
Koha [default] item type كتاب
260 ## - PUBLICATION, DISTRIBUTION, ETC. (IMPRINT)
-- القاهرة :
-- نهضة مصر للطباعة و النشر و التوزيع ،
Holdings
حالة التراجع حالة الفقد حالة تلف ليس للاعارة المكان المؤقت الموقع الحالى تاريخ الاكتساب اجمالي اﻻعارات رقم الطلب الباركود تاريخ اخر مشاهدة تاريخ تفعيل السعر نوع وعاء كوها
        مكتبة القاهرة الكبرى مكتبة القاهرة الكبرى 02/10/2015   603 ط/ن ن 159471 02/10/2015 02/10/2015 كتاب

Powered By

EGPV